[Event "Bundesliga 2014/15"]
[Site "Eppingen GER"]
[Date "2015.02.22"]
[Round "11"]
[White "Firman, Nazar"]
[Black "Bacrot, Etienne"]
[Result "1-0"]
[WhiteElo "2458"]
[BlackElo "2719"]
[PlyCount "63"]
[EventDate "2014.10.18"]
[EventType "team"]
[WhiteTeam "SF Katernberg"]
[BlackTeam "OSG Baden-Baden"]

1. e4 e5 2. Nf3 Nc6 3. Bb5 Nf6 4. d3 Bc5 5. O-O d6 6. Be3 Bb6 7. Bxc6+ bxc6 8.
h3 O-O 9. Re1 Re8 10. Nbd2 h6 11. Nf1 Nh5 12. c3 Qf6 13. Rc1 Nf4 14. Ng3 h5 15.
d4 h4 16. Nf5 Bxf5 17. Bxf4 exf4 18. exf5 c5 19. Qd3 cxd4 20. cxd4 c5 21. Re4
cxd4 22. Rce1 Rxe4 23. Rxe4 Qh6 24. b4 d5 25. Re5 Qc6 26. f6 Qxf6 27. a4 a5 28.
bxa5 Bxa5 29. Rxd5 Bb6 30. Qe4 d3 31. Re5 g6 32. Qxa8+ 1-0

[Event "Bundesliga 2014/15"]
[Site "Eppingen GER"]
[Date "2015.02.22"]
[Round "11"]
[White "Ris, Robert"]
[Black "Naiditsch, Arkadij"]
[Result "0-1"]
[WhiteElo "2427"]
[BlackElo "2710"]
[PlyCount "90"]
[EventDate "2014.10.18"]
[EventType "team"]
[WhiteTeam "SF Katernberg"]
[BlackTeam "OSG Baden-Baden"]

1. d4 Nf6 2. c4 g6 3. g3 Bg7 4. Bg2 O-O 5. Nc3 d6 6. Nf3 Nbd7 7. O-O e5 8. e4
Re8 9. Re1 exd4 10. Nxd4 Ne5 11. b3 a6 12. f4 Ned7 13. Bb2 h5 14. h3 Nh7 15.
Nf3 b5 16. cxb5 axb5 17. e5 b4 18. Nb5 Bb7 19. Qc2 Ra5 20. Nfd4 dxe5 21. Bxb7
exd4 22. Nxd4 Rxe1+ 23. Rxe1 Rxa2 24. Nc6 Bxb2 25. Qb1 Qf6 26. Qxa2 Qc3 27. Kf2
h4 28. gxh4 Nc5 29. Re3 Qd2+ 30. Kf3 Nf8 31. Ne7+ Kh7 32. Bc8 Nd3 33. Qa7 Qd1+
34. Kg3 Qg1+ 35. Kf3 Bc1 36. h5 Ne1+ 37. Ke2 Nc2 38. hxg6+ Nxg6 39. Nxg6 Bxe3
40. Qxc7 Qf2+ 41. Kd3 Qd2+ 42. Ke4 Qd4+ 43. Kf3 Ne1+ 44. Kg4 Kxg6 45. Bf5+ Kf6
0-1

[Event "3rd FIDE Grand Prix Series 2014/15"]
[Site "Tbilisi GEO"]
[Date "2015.02.23"]
[Round "8"]
[White "Giri, A."]
[Black "Grischuk, A."]
[Result "1/2-1/2"]
[WhiteElo "2797"]
[BlackElo "2810"]
[PlyCount "77"]
[EventDate "2015.02.14"]

1. d4 Nf6 2. c4 g6 3. Nc3 d5 4. Nf3 Bg7 5. Qb3 dxc4 6. Qxc4 O-O 7. e4 a6 8. Be2
b5 9. Qb3 c5 10. dxc5 Be6 11. Qc2 Nbd7 12. Be3 Rc8 13. Rd1 b4 14. Nd5 Bxd5 15.
exd5 Nxc5 16. O-O Nce4 17. Qd3 Qd6 18. g3 Rfd8 19. Bf4 Qxd5 20. Qxa6 Qa8 21.
Qxa8 Rxa8 22. Rxd8+ Rxd8 23. Ne5 Nd5 24. Rd1 Rd6 25. Nxg6 Nxf4 26. Nxf4 Rxd1+
27. Bxd1 Bxb2 28. Nd3 Bc3 29. Kg2 Kg7 30. f4 h6 31. g4 f5 32. gxf5 Nd6 33. Kf3
Kf6 34. Nf2 Kxf5 35. Ng4 Kg6 36. Bc2+ Kg7 37. Ne3 e6 38. Bb3 Nf5 39. Ke4
1/2-1/2

[Event "3rd FIDE Grand Prix Series 2014/15"]
[Site "Tbilisi GEO"]
[Date "2015.02.23"]
[Round "8"]
[White "Dominguez Perez, L."]
[Black "Jakovenko, D."]
[Result "1/2-1/2"]
[WhiteElo "2726"]
[BlackElo "2733"]
[PlyCount "67"]
[EventDate "2015.02.14"]

1. e4 e5 2. Nf3 Nc6 3. Bb5 Nf6 4. d3 d6 5. O-O Be7 6. c3 O-O 7. Nbd2 a6 8. Ba4
b5 9. Bc2 d5 10. Re1 dxe4 11. dxe4 Be6 12. Qe2 Nd7 13. b4 Nb6 14. a4 Nxa4 15.
Bxa4 bxa4 16. Rxa4 Qc8 17. Bb2 f6 18. Rea1 Nb8 19. b5 Qb7 20. Bc1 Nd7 21. Rxa6
Rxa6 22. Rxa6 Nc5 23. Ba3 Bf7 24. Rc6 Qa7 25. Bb4 Rb8 26. c4 Be8 27. Bxc5 Bxc5
28. Ra6 Qb7 29. Nb3 Bb4 30. Ne1 c6 31. Nd3 cxb5 32. Nxb4 bxc4 33. Qxc4+ Bf7 34.
Nd5 1/2-1/2

[Event "3rd FIDE Grand Prix Series 2014/15"]
[Site "Tbilisi GEO"]
[Date "2015.02.23"]
[Round "8"]
[White "Svidler, P."]
[Black "Jobava, Ba"]
[Result "0-1"]
[WhiteElo "2739"]
[BlackElo "2696"]
[PlyCount "62"]
[EventDate "2015.02.14"]

1. e4 c6 2. d4 d5 3. e5 Bf5 4. Nf3 e6 5. Be2 Nd7 6. O-O f6 7. c4 fxe5 8. dxe5
Bc5 9. Nc3 a6 10. cxd5 cxd5 11. Be3 Bxe3 12. fxe3 Ne7 13. Qb3 Qb8 14. Qa3 Nxe5
15. Nd4 N5c6 16. Nxf5 exf5 17. Bf3 Qe5 18. Qc5 O-O-O 19. Rfd1 Kb8 20. b4 Rd6
21. b5 Rc8 22. Rac1 Na7 23. Qa3 axb5 24. Ne2 Rxc1 25. Rxc1 Nac6 26. Qc5 g5 27.
h3 b4 28. a3 Re6 29. Kf2 d4 30. exd4 Qxc5 31. dxc5 Ne5 0-1

[Event "3rd FIDE Grand Prix Series 2014/15"]
[Site "Tbilisi GEO"]
[Date "2015.02.23"]
[Round "8"]
[White "Kasimdzhanov, R."]
[Black "Andreikin, D."]
[Result "1/2-1/2"]
[WhiteElo "2705"]
[BlackElo "2737"]
[PlyCount "61"]
[EventDate "2015.02.14"]

1. d4 d5 2. c4 c6 3. Nf3 Nf6 4. Nc3 a6 5. e3 e6 6. c5 b6 7. cxb6 Qxb6 8. Bd3 a5
9. O-O Ba6 10. Na4 Qb7 11. Bxa6 Rxa6 12. b3 Nbd7 13. Bb2 Be7 14. Rc1 O-O 15.
Qd3 Rc8 16. Rc2 Nb6 17. Nxb6 Rxb6 18. Bc3 Ra8 19. Rfc1 Ba3 20. Bb2 a4 21. Bxa3
axb3 22. axb3 Rxb3 23. Qd1 Rbxa3 24. Rxc6 Ra1 25. Rxa1 Rxa1 26. Qxa1 Qxc6 27.
Qb2 Qc7 28. g3 g6 29. Kg2 Kg7 30. Ne5 Nd7 31. Nxd7 1/2-1/2

[Event "3rd FIDE Grand Prix Series 2014/15"]
[Site "Tbilisi GEO"]
[Date "2015.02.23"]
[Round "8"]
[White "Radjabov, T."]
[Black "Mamedyarov, S."]
[Result "1/2-1/2"]
[WhiteElo "2731"]
[BlackElo "2759"]
[PlyCount "47"]
[EventDate "2015.02.14"]

1. d4 d5 2. c4 c6 3. Nf3 Nf6 4. Nc3 e6 5. Bg5 Nbd7 6. e3 Qa5 7. Nd2 Bb4 8. Qc2
O-O 9. Be2 dxc4 10. Bxf6 Nxf6 11. Nxc4 Qc7 12. O-O Nd5 13. Rac1 Nxc3 14. bxc3
Be7 15. Bd3 g6 16. Ne5 c5 17. Be4 f6 18. Nxg6 hxg6 19. Bxb7 Bxb7 20. Qxg6+ Kh8
21. Qh6+ Kg8 22. Qg6+ Kh8 23. Qh6+ Kg8 24. Qg6+ 1/2-1/2

[Event "European Championship 2015"]
[Site "Jerusalem ISR"]
[Date "2015.02.24"]
[Round "1"]
[White "Damaso, Rui"]
[Black "Navara, David"]
[Result "0-1"]
[WhiteElo "2451"]
[BlackElo "2735"]
[PlyCount "152"]
[EventDate "2015.02.24"]

1. Nf3 Nf6 2. c4 b6 3. d4 e6 4. g3 Ba6 5. Qb3 Nc6 6. Nbd2 h5 7. e4 h4 8. Qa4
Bb7 9. d5 hxg3 10. dxc6 Bxc6 11. Qc2 gxf2+ 12. Ke2 Nh5 13. Nb3 Ng3+ 14. hxg3
Rxh1 15. Kxf2 Rxf1+ 16. Kxf1 Qf6 17. Nbd4 Bb7 18. e5 Qe7 19. Bg5 f6 20. exf6
gxf6 21. Qg6+ Qf7 22. Qxf6 Qxf6 23. Bxf6 c5 24. Nxe6 dxe6 25. Ne5 Be7 26. Bxe7
Kxe7 27. Rd1 Kf6 28. Ng4+ Kf5 29. Ne3+ Ke4 30. Ke2 Rg8 31. Rd6 Bc8 32. Nf1 e5
33. Nd2+ Kf5 34. Nf1 e4 35. Rh6 Ke5 36. Ke3 Bg4 37. Rh4 Bf3 38. Rh2 Rd8 39. Rd2
Rd4 40. b3 a5 41. Nh2 Bd1 42. g4 a4 43. bxa4 Bxa4 44. g5 Rxc4 45. Ng4+ Kf5 46.
Nh6+ Kxg5 47. Nf7+ Kf6 48. Nd6 Rb4 49. Nxe4+ Ke5 50. Nc3 Bc6 51. Rh2 Bd7 52.
Rh8 Bf5 53. Re8+ Kd6 54. Rf8 Ke6 55. Rb8 Kd7 56. Rf8 Be6 57. Rf4 Kc6 58. Rxb4
cxb4 59. Nd1 Kb5 60. Nb2 Bxa2 61. Kd2 Kc5 62. Kc2 Kd4 63. Nd1 Be6 64. Nf2 Ke3
65. Nd1+ Ke2 66. Nb2 b5 67. Nd1 Bf5+ 68. Kc1 Kd3 69. Nf2+ Kc3 70. Nd1+ Kb3 71.
Ne3 Be4 72. Nd1 Ka2 73. Nb2 Kb3 74. Nd1 Ka2 75. Nb2 b3 76. Nd1 Ka1 0-1

[Event "European Championship 2015"]
[Site "Jerusalem ISR"]
[Date "2015.02.24"]
[Round "1"]
[White "Vitiugov, Nikita"]
[Black "Goryachkina, Aleksandra"]
[Result "1-0"]
[WhiteElo "2735"]
[BlackElo "2451"]
[PlyCount "105"]
[EventDate "2015.02.24"]

1. Nf3 d5 2. g3 c6 3. Bg2 Bg4 4. c4 Nd7 5. cxd5 cxd5 6. Nc3 e6 7. Qa4 Bxf3 8.
Bxf3 a6 9. d4 Ngf6 10. e4 b5 11. Qb3 Nb6 12. e5 Nfd7 13. Ne2 Rc8 14. h4 Nb8 15.
Kf1 Nc6 16. Kg2 Be7 17. Qd1 Qd7 18. b3 b4 19. Qd3 Qb7 20. Nf4 Na8 21. Nh5 O-O
22. Bg5 f6 23. exf6 Bxf6 24. Nxf6+ gxf6 25. Bh6 Rfd8 26. Rhe1 Qd7 27. Bg4 Nc7
28. Qe3 Ne7 29. Bxe6+ Nxe6 30. Qxe6+ Qxe6 31. Rxe6 Kf7 32. Rxa6 Ra8 33. Rb6
Rab8 34. Rxb8 Rxb8 35. Rc1 Ra8 36. Bd2 h5 37. Bxb4 Nf5 38. Rc2 Nxd4 39. Rd2 Nc6
40. Bc3 d4 41. Bxd4 Nxd4 42. Rxd4 Rxa2 43. Rf4 Rb2 44. b4 Rb3 45. Kf1 Rb2 46.
Ke1 Ke6 47. Kd1 f5 48. Kc1 Ra2 49. b5 Ra5 50. Rb4 Kd7 51. Kd2 Ra3 52. Ke2 Rc3
53. b6 1-0

[Event "European Championship 2015"]
[Site "Jerusalem ISR"]
[Date "2015.02.24"]
[Round "1"]
[White "Iljiushenok, Ilia"]
[Black "Eljanov, Pavel"]
[Result "0-1"]
[WhiteElo "2450"]
[BlackElo "2727"]
[PlyCount "119"]
[EventDate "2015.02.24"]

1. e4 c5 2. Nf3 e6 3. d4 cxd4 4. Nxd4 Nc6 5. Nc3 Qc7 6. Be3 a6 7. Bd3 Nf6 8.
O-O Ne5 9. Qd2 d6 10. h3 Be7 11. f4 Nc4 12. Bxc4 Qxc4 13. e5 Nd5 14. Ne4 Nxe3
15. Qxe3 dxe5 16. fxe5 Bd7 17. Rad1 Qc7 18. Qf4 O-O 19. c3 Rad8 20. Rd3 f6 21.
Nxf6+ gxf6 22. Rg3+ Kh8 23. Rg7 fxe5 24. Qh6 Rxf1+ 25. Kxf1 Bb5+ 26. Kg1 Bd3
27. Nxe6 Qb6+ 28. Kh1 Bf8 29. Qf6 Qxe6 30. Rg8+ Kxg8 31. Qxe6+ Kg7 32. Qxe5+
Kf7 33. Qc7+ Be7 34. Qxb7 Rd6 35. Qf3+ Bf6 36. c4 Bxc4 37. Qh5+ Ke6 38. Qg4+
Kd5 39. Qf5+ Kc6 40. Qc8+ Kd5 41. Qf5+ Be5 42. b3 Bb5 43. Qxh7 Rf6 44. g4 Rf2
45. g5 Bc6 46. Kg1 Bd4 47. Qg8+ Kd6 48. Qd8+ Bd7 49. Kh1 Re2 50. Qf8+ Kc7 51.
Qf7 Rf2 52. Qe7 Rc2 53. g6 Bc5 54. Qf7 Rf2 55. Qg7 Kd6 56. b4 Bb6 57. Qh6 Bc6+
58. Kg1 Bd5 59. a4 Bd4 60. Qg7 0-1

[Event "European Championship 2015"]
[Site "Jerusalem ISR"]
[Date "2015.02.24"]
[Round "1"]
[White "Nepomniachtchi, Ian"]
[Black "Makhmutov, Rail"]
[Result "1-0"]
[WhiteElo "2714"]
[BlackElo "2448"]
[PlyCount "53"]
[EventDate "2015.02.24"]

1. c4 e6 2. d4 d5 3. Nf3 Nf6 4. Nc3 Be7 5. Bf4 O-O 6. e3 Nbd7 7. Qc2 c5 8. Rd1
cxd4 9. Rxd4 Qa5 10. Bg3 Nb6 11. Nd2 Nxc4 12. Bxc4 dxc4 13. Nxc4 Qa6 14. O-O
Bd7 15. Rfd1 Bc6 16. Bd6 Bxd6 17. Nxd6 Bd5 18. Ndb5 Qb6 19. e4 Bc6 20. Nd6 e5
21. R4d3 Rad8 22. Qc1 Ng4 23. Qd2 g6 24. h3 Nf6 25. Qh6 Nh5 26. Nf5 Qc7 27. g4
1-0

[Event "European Championship 2015"]
[Site "Jerusalem ISR"]
[Date "2015.02.24"]
[Round "1"]
[White "Forster, Richard"]
[Black "Bacrot, Etienne"]
[Result "1/2-1/2"]
[WhiteElo "2446"]
[BlackElo "2711"]
[PlyCount "86"]
[EventDate "2015.02.24"]

1. c4 Nf6 2. g3 c6 3. Bg2 d5 4. Nf3 dxc4 5. O-O Nbd7 6. Na3 Nb6 7. Qc2 g6 8.
Nxc4 Nxc4 9. Qxc4 Bg7 10. b4 Nd5 11. Rb1 Bf5 12. e4 Nb6 13. Qc2 Bg4 14. Bb2 O-O
15. Bxg7 Kxg7 16. Qc3+ f6 17. d4 Qd7 18. Rfd1 Rfd8 19. Qc2 Qe6 20. a4 Qc4 21.
Qxc4 Nxc4 22. h3 Bxf3 23. Bxf3 e5 24. Be2 Nd6 25. f3 exd4 26. Rxd4 Kf8 27. Rbd1
Ke7 28. Kf2 a5 29. bxa5 Rxa5 30. Rc1 f5 31. exf5 Nxf5 32. Re4+ Kf6 33. g4 Nd4
34. Rc4 c5 35. h4 h6 36. f4 b6 37. g5+ hxg5 38. fxg5+ Kf7 39. h5 Nxe2 40. hxg6+
Kxg6 41. Kxe2 Kxg5 42. Re6 Kf5 43. Rxb6 Ke5 1/2-1/2

[Event "European Championship 2015"]
[Site "Jerusalem ISR"]
[Date "2015.02.24"]
[Round "1"]
[White "Vallejo Pons, Francisco"]
[Black "Gruenfeld, Yehuda"]
[Result "1/2-1/2"]
[WhiteElo "2706"]
[BlackElo "2444"]
[PlyCount "103"]
[EventDate "2015.02.24"]

1. e4 c5 2. Nf3 d6 3. d4 cxd4 4. Nxd4 Nf6 5. Nc3 a6 6. Bg5 e6 7. f4 Be7 8. Qf3
Qc7 9. O-O-O Nbd7 10. g4 b5 11. Bxf6 Nxf6 12. g5 Nd7 13. f5 Bxg5+ 14. Kb1 O-O
15. fxe6 Nb6 16. Bd3 Bf6 17. Nd5 Nxd5 18. exd5 Bxd4 19. Qe4 g6 20. exf7+ Rxf7
21. Qxd4 Bf5 22. Rhe1 Raf8 23. b3 a5 24. h4 Bxd3 25. Qxd3 Qc5 26. h5 gxh5 27.
Rg1+ Kh8 28. Rg5 Rf3 29. Qe4 Qe3 30. Qxe3 Rxe3 31. Rxh5 Ref3 32. Kb2 R3f5 33.
Rh3 Rc8 34. Rh6 Rf2 35. Rc1 Rd8 36. Rch1 Rd7 37. Re6 Kg7 38. Rg1+ Kf7 39. Rh6
Kf8 40. Rg3 Rf5 41. c4 Rf2+ 42. Kc3 b4+ 43. Kd3 a4 44. bxa4 Rxa2 45. Kd4 Rxa4
46. Rf6+ Ke7 47. Rg7+ Kd8 48. Rf8+ Kc7 49. Rxd7+ Kxd7 50. Rf7+ Kc8 51. Rxh7 Ra1
52. Ke4 1/2-1/2

[Event "European Championship 2015"]
[Site "Jerusalem ISR"]
[Date "2015.02.24"]
[Round "1"]
[White "Inarkiev, Ernesto"]
[Black "Kantarji, Pinchas"]
[Result "1-0"]
[WhiteElo "2675"]
[BlackElo "2420"]
[PlyCount "47"]
[EventDate "2015.02.24"]

1. e4 c5 2. Nf3 e6 3. d4 cxd4 4. Nxd4 a6 5. Nc3 Qc7 6. Bd3 Nf6 7. f4 d6 8. Qf3
Nbd7 9. g4 Nc5 10. g5 Nxd3+ 11. cxd3 Nd7 12. Be3 Be7 13. Rc1 Qd8 14. h4 Nc5 15.
Bf2 Bd7 16. f5 Rc8 17. O-O b5 18. fxe6 Bxe6 19. Nf5 g6 20. Ng7+ Kd7 21. d4 Qf8
22. Nxe6 Nxe6 23. d5 Nc5 24. b4 1-0

[Event "3rd FIDE Grand Prix Series 2014/15"]
[Site "Tbilisi GEO"]
[Date "2015.02.25"]
[Round "9"]
[White "Tomashevsky, E."]
[Black "Kasimdzhanov, R."]
[Result "1-0"]
[WhiteElo "2716"]
[BlackElo "2705"]
[PlyCount "59"]
[EventDate "2015.02.14"]

1. d4 Nf6 2. c4 g6 3. Nc3 Bg7 4. e4 d6 5. Nf3 O-O 6. h3 e5 7. d5 Nh5 8. g3 f5
9. exf5 gxf5 10. Nh4 Nf4 11. Bd2 Qe7 12. Qc2 Na6 13. a3 Bd7 14. O-O-O Kh8 15.
Kb1 Rae8 16. Re1 Qf6 17. Rg1 Ng6 18. Nxg6+ Qxg6 19. f3 c6 20. g4 cxd5 21. cxd5
Rc8 22. Bd3 Nc5 23. Bxf5 Bxf5 24. gxf5 Qxf5 25. Qxf5 Rxf5 26. Rg3 Nb3 27. Be3
Nd4 28. Ne4 Rd8 29. Reg1 Rf7 30. Ng5 1-0

[Event "3rd FIDE Grand Prix Series 2014/15"]
[Site "Tbilisi GEO"]
[Date "2015.02.25"]
[Round "9"]
[White "Jobava, Ba"]
[Black "Vachier Lagrave, M."]
[Result "0-1"]
[WhiteElo "2696"]
[BlackElo "2775"]
[PlyCount "150"]
[EventDate "2015.02.14"]

1. e4 c5 2. Nc3 Nc6 3. Bb5 Nd4 4. a4 a6 5. Be2 g6 6. Nf3 Bg7 7. d3 e6 8. Nxd4
cxd4 9. Nb1 Ne7 10. Nd2 d5 11. b3 dxe4 12. Nxe4 f5 13. Nd2 Nd5 14. Nc4 O-O 15.
O-O e5 16. Bb2 Be6 17. Bf3 Qc7 18. Re1 Bf7 19. a5 Rad8 20. Qd2 Rfe8 21. g3 h6
22. Bg2 Kh7 23. Ra4 Re7 24. Re2 g5 25. Qe1 Be8 26. Ra1 Bh5 27. Bh3 Bg6 28. Bg2
Bh5 29. Bh3 Kg6 30. Rd2 Bf3 31. Qf1 Qc6 32. Bg2 Nc7 33. Bxf3 Qxf3 34. Re1 Nb5
35. Rde2 Rde8 36. Nd2 Qc6 37. Nc4 Qf3 38. Qg2 g4 39. Nd2 Qxg2+ 40. Kxg2 h5 41.
f3 Bf6 42. h3 gxf3+ 43. Kxf3 h4 44. g4 e4+ 45. dxe4 fxg4+ 46. Kxg4 Rf7 47. Rf2
Rg8 48. Rf5 Nd6 49. Rh5 Be5 50. Rf1 Rxf1 51. Nxf1 Nf7 52. Bc1 Rc8 53. c4 dxc3
54. Ne3 Re8 55. Ng2 Bg3 56. Nf4+ Bxf4 57. Bxf4 Rxe4 58. Rc5 Rb4 59. Kf3 Rxb3
60. Ke4 Rb4+ 61. Kf3 Rb5 62. Rxc3 Rxa5 63. Rc7 Rb5 64. Bd2 a5 65. Bc3 a4 66.
Kg4 a3 67. Re7 Nh6+ 68. Kf4 a2 69. Rg7+ Kh5 70. Rg2 Rf5+ 71. Ke4 Ra5 72. Rg1
Ra4+ 73. Kd5 Nf7 74. Ke6 Ng5+ 75. Kf5 Rf4+ 0-1

[Event "3rd FIDE Grand Prix Series 2014/15"]
[Site "Tbilisi GEO"]
[Date "2015.02.25"]
[Round "9"]
[White "Andreikin, D."]
[Black "Radjabov, T."]
[Result "1/2-1/2"]
[WhiteElo "2737"]
[BlackElo "2731"]
[PlyCount "105"]
[EventDate "2015.02.14"]

1. Nf3 Nf6 2. d4 g6 3. Bg5 Bg7 4. Nbd2 d5 5. c3 c5 6. dxc5 Nbd7 7. Nb3 O-O 8.
e3 Qc7 9. Bb5 Rd8 10. Bxd7 Bxd7 11. Bf4 Qc8 12. Be5 Bb5 13. Qd4 b6 14. Qb4 Bc4
15. cxb6 axb6 16. Nbd2 Bf8 17. Nxc4 dxc4 18. b3 Nd7 19. Qxc4 Qxc4 20. bxc4 Nxe5
21. Nxe5 Bg7 22. f4 Bxe5 23. fxe5 Rd3 24. Kf2 Rxc3 25. Rhb1 Rxc4 26. Rxb6 Rc2+
27. Kf3 Raxa2 28. Rxa2 Rxa2 29. h4 Kg7 30. Rb7 e6 31. g3 h6 32. Rb5 Ra1 33. Kf2
h5 34. Rb4 Ra5 35. Re4 g5 36. hxg5 Kg6 37. Kf3 Kxg5 38. Rf4 Rxe5 39. Rxf7 Rf5+
40. Rxf5+ Kxf5 41. e4+ Kg5 42. Kf2 Kg4 43. Kg2 e5 44. Kf2 h4 45. gxh4 Kxh4 46.
Ke1 Kg4 47. Kd1 Kf4 48. Ke1 Kxe4 49. Ke2 Kf5 50. Kf3 e4+ 51. Ke3 Ke5 52. Ke2 e3
53. Kxe3 1/2-1/2

[Event "3rd FIDE Grand Prix Series 2014/15"]
[Site "Tbilisi GEO"]
[Date "2015.02.25"]
[Round "9"]
[White "Grischuk, A."]
[Black "Dominguez Perez, L."]
[Result "1/2-1/2"]
[WhiteElo "2810"]
[BlackElo "2726"]
[PlyCount "91"]
[EventDate "2015.02.14"]

1. e4 e5 2. Nf3 Nc6 3. Bb5 a6 4. Ba4 Nf6 5. O-O Be7 6. Re1 b5 7. Bb3 d6 8. c3
O-O 9. h3 Bb7 10. d4 Re8 11. Nbd2 Bf8 12. d5 Nb8 13. Nf1 Nbd7 14. N3h2 Nc5 15.
Bc2 c6 16. b4 Ncd7 17. dxc6 Bxc6 18. Bg5 Qc7 19. Bxf6 Nxf6 20. Ng4 Nxg4 21.
hxg4 Be7 22. Ne3 Bg5 23. Qd3 Bd7 24. Nd5 Qb7 25. a4 h6 26. Qe2 Be6 27. axb5
axb5 28. Bb3 Rxa1 29. Rxa1 Ra8 30. Rxa8+ Qxa8 31. Qd1 Qa3 32. f3 Qb2 33. Qc2
Qa1+ 34. Qd1 Qb2 35. Qc2 Qxc2 36. Bxc2 Bxd5 37. exd5 Bd2 38. Bd3 Bxc3 39. Bxb5
Bxb4 40. Kf2 Kf8 41. Ke3 Ke7 42. f4 Kf6 43. Ke4 Ba3 44. Bc4 Bb4 45. Bb3 Bc5 46.
Bc4 1/2-1/2

[Event "3rd FIDE Grand Prix Series 2014/15"]
[Site "Tbilisi GEO"]
[Date "2015.02.25"]
[Round "9"]
[White "Mamedyarov, S."]
[Black "Giri, A."]
[Result "1/2-1/2"]
[WhiteElo "2759"]
[BlackElo "2797"]
[PlyCount "62"]
[EventDate "2015.02.14"]

1. e4 c5 2. Nf3 e6 3. d4 cxd4 4. Nxd4 Nc6 5. Nc3 Qc7 6. Be3 a6 7. Qf3 Ne5 8.
Qg3 h5 9. Nf5 f6 10. O-O-O exf5 11. Nd5 Qc6 12. Bb6 fxe4 13. Nc7+ Kf7 14. Qb3+
d5 15. Nxa8 Ne7 16. Nc7 Bg4 17. Rd4 Nd7 18. Nxd5 Nxd5 19. Rxd5 Be6 20. Rxd7+
Qxd7 21. Bc4 Bxc4 22. Qxc4+ Qe6 23. Qc7+ Qe7 24. Qc4+ Qe6 25. Qc7+ Qe7 26. Qc8
g6 27. Be3 Bg7 28. Qc4+ Qe6 29. Qc7+ Qe7 30. Qc4+ Qe6 31. Qc7+ Qe7 1/2-1/2

[Event "3rd FIDE Grand Prix Series 2014/15"]
[Site "Tbilisi GEO"]
[Date "2015.02.25"]
[Round "9"]
[White "Jakovenko, D."]
[Black "Svidler, P."]
[Result "1/2-1/2"]
[WhiteElo "2733"]
[BlackElo "2739"]
[PlyCount "62"]
[EventDate "2015.02.14"]

1. d4 Nf6 2. c4 g6 3. Nc3 d5 4. cxd5 Nxd5 5. e4 Nxc3 6. bxc3 Bg7 7. Bc4 c5 8.
Ne2 Nc6 9. Be3 O-O 10. O-O b6 11. dxc5 Qc7 12. Nd4 Ne5 13. Nb5 Qb8 14. Be2 bxc5
15. f4 Ng4 16. Bxc5 a6 17. Na3 Qc7 18. Bd4 e5 19. fxe5 Nxe5 20. Qc1 Bg4 21.
Bxg4 Nxg4 22. Qf4 Qxf4 23. Rxf4 Ne5 24. Rb1 Rad8 25. Nc2 Nc4 26. Rb4 Rc8 27.
Ra4 Bxd4+ 28. Nxd4 Ne5 29. Rxa6 Rxc3 30. Rf1 Rc4 31. Nf3 Rxe4 1/2-1/2

[Event "European Championship 2015"]
[Site "Jerusalem ISR"]
[Date "2015.02.25"]
[Round "2"]
[White "Navara, David"]
[Black "Parligras, Mircea-Emilian"]
[Result "1-0"]
[WhiteElo "2735"]
[BlackElo "2583"]
[PlyCount "53"]
[EventDate "2015.02.24"]

1. c4 Nf6 2. Nc3 e6 3. e4 d5 4. cxd5 exd5 5. e5 Ne4 6. Nf3 Nxc3 7. dxc3 Be7 8.
Bd3 Nd7 9. Qc2 g6 10. e6 fxe6 11. Bh6 Bf6 12. O-O-O Qe7 13. Rhe1 Nc5 14. g4 Bd7
15. g5 Bg7 16. Bxg6+ hxg6 17. Qxg6+ Kf8 18. Rxd5 Bxh6 19. Rf5+ exf5 20. Rxe7
Kxe7 21. Qf6+ Ke8 22. Qxh8+ Bf8 23. g6 Ne6 24. Ng5 Ke7 25. Nxe6 Bxe6 26. g7
Bxa2 27. c4 1-0

[Event "European Championship 2015"]
[Site "Jerusalem ISR"]
[Date "2015.02.25"]
[Round "2"]
[White "Huzman, Alexander"]
[Black "Vitiugov, Nikita"]
[Result "1/2-1/2"]
[WhiteElo "2582"]
[BlackElo "2735"]
[PlyCount "67"]
[EventDate "2015.02.24"]

1. d4 Nf6 2. c4 e6 3. Nf3 d5 4. g3 Bb4+ 5. Bd2 Be7 6. Bg2 c6 7. Qc2 O-O 8. O-O
b6 9. Bf4 Nbd7 10. Rd1 Bb7 11. Ne5 Nh5 12. Bd2 Nhf6 13. cxd5 cxd5 14. Nc6 Bxc6
15. Qxc6 Qc8 16. Qxc8 Rfxc8 17. Nc3 a6 18. Rac1 b5 19. Nb1 Ne4 20. Be1 f5 21.
e3 Kf7 22. Bf1 g5 23. h3 Ndf6 24. Be2 h5 25. Nd2 g4 26. h4 Nd6 27. Nb3 Nfe4 28.
Rxc8 Rxc8 29. Rc1 Nc4 30. Rc2 Bd6 31. Nc1 Nb6 32. Rxc8 Nxc8 33. Nd3 Na7 34. Bb4
1/2-1/2

[Event "European Championship 2015"]
[Site "Jerusalem ISR"]
[Date "2015.02.25"]
[Round "2"]
[White "Eljanov, Pavel"]
[Black "Banusz, Tamas"]
[Result "1-0"]
[WhiteElo "2727"]
[BlackElo "2582"]
[PlyCount "149"]
[EventDate "2015.02.24"]

1. Nf3 d5 2. g3 c6 3. Bg2 Bg4 4. O-O Nf6 5. c4 e6 6. Qb3 Qb6 7. d3 Nbd7 8. Qc2
dxc4 9. Qxc4 Bxf3 10. Bxf3 Ne5 11. Qf4 Nxf3+ 12. Qxf3 Be7 13. Nd2 O-O 14. Nc4
Qb5 15. Bd2 Rfd8 16. b4 Qd5 17. Kg2 Rac8 18. a4 Qxf3+ 19. Kxf3 Nd5 20. Rfb1 Bf6
21. Ra3 h5 22. e4 Nb6 23. Na5 Rc7 24. Bf4 Rcd7 25. Ke2 Nc8 26. Be3 Rc7 27. Bf4
Rcd7 28. h3 g6 29. g4 hxg4 30. hxg4 g5 31. Be3 Rc7 32. f4 gxf4 33. Bxf4 Rcd7
34. Be3 Rc7 35. Nc4 Bd4 36. Bf4 Re7 37. Ne5 Ree8 38. Nf3 Bg7 39. b5 c5 40. Be3
b6 41. g5 Nd6 42. Nd2 Ra8 43. a5 Reb8 44. Bf4 e5 45. Be3 Re8 46. Nc4 Nxc4 47.
dxc4 Rad8 48. axb6 axb6 49. Ra7 Bf8 50. Rf1 Re7 51. Ra6 Re6 52. Rf5 Kg7 53. Ra1
Be7 54. Raf1 Rf8 55. Bd2 Bd6 56. Rf6 Be7 57. R6f5 Bd6 58. Bc3 Bc7 59. Rf6 Bd6
60. Rd1 Bb8 61. Rf5 Rfe8 62. Rd7 R6e7 63. Rd5 Re6 64. Kf3 R6e7 65. Kg4 Re6 66.
Rd7 R6e7 67. Rxe7 Rxe7 68. Rf6 Bc7 69. Kf5 Kg8 70. Be1 Rd7 71. Bg3 Re7 72. Bh4
Rd7 73. g6 fxg6+ 74. Rxg6+ Kf8 75. Bf6 1-0

[Event "European Championship 2015"]
[Site "Jerusalem ISR"]
[Date "2015.02.25"]
[Round "2"]
[White "Jojua, Davit"]
[Black "Nepomniachtchi, Ian"]
[Result "1/2-1/2"]
[WhiteElo "2579"]
[BlackElo "2714"]
[PlyCount "99"]
[EventDate "2015.02.24"]

1. d4 Nf6 2. c4 g6 3. Nc3 d5 4. Nf3 Bg7 5. Qb3 dxc4 6. Qxc4 O-O 7. e4 Bg4 8.
Be3 Nfd7 9. Qb3 Nb6 10. Rd1 Nc6 11. d5 Ne5 12. Be2 Nxf3+ 13. gxf3 Bh5 14. Rg1
Qc8 15. a4 Nd7 16. Rg3 c6 17. Kf1 Nf6 18. Kg2 Qc7 19. Rc1 Qd7 20. Rd1 Qc7 21.
Rc1 Kh8 22. Qc4 Qd7 23. dxc6 bxc6 24. a5 Ne8 25. Na4 Rc8 26. Nc5 Qc7 27. b4 Nd6
28. Qb3 Rcd8 29. Qa4 Qc8 30. Ba6 Qb8 31. Qxc6 Qxb4 32. Qa4 Qxa4 33. Nxa4 f5 34.
Nc5 f4 35. Bxf4 Rxf4 36. Ne6 Rff8 37. Nxd8 Rxd8 38. Rc7 Bd4 39. Rxe7 Rf8 40.
Rd7 Be5 41. Rh3 Rf7 42. Rxf7 Nxf7 43. f4 Bxf4 44. Rb3 Ng5 45. h4 Ne6 46. Rb7
Bc7 47. Rxa7 Nf4+ 48. Kg3 Ne2+ 49. Kg2 Nf4+ 50. Kg3 1/2-1/2

[Event "European Championship 2015"]
[Site "Jerusalem ISR"]
[Date "2015.02.25"]
[Round "2"]
[White "Yilmaz, Mustafa"]
[Black "Inarkiev, Ernesto"]
[Result "1/2-1/2"]
[WhiteElo "2570"]
[BlackElo "2675"]
[PlyCount "28"]
[EventDate "2015.02.24"]

1. d4 Nf6 2. c4 e6 3. Nf3 d5 4. g3 Bb4+ 5. Bd2 Be7 6. Bg2 c6 7. Qc2 O-O 8. O-O
Nbd7 9. Rd1 b6 10. Bf4 Bb7 11. Ne5 Nh5 12. Bd2 Nhf6 13. Bf4 Nh5 14. Bd2 Nhf6
1/2-1/2

[Event "European Championship 2015"]
[Site "Jerusalem ISR"]
[Date "2015.02.25"]
[Round "2"]
[White "Westreich, Itay"]
[Black "Vallejo Pons, Francisco"]
[Result "0-1"]
[WhiteElo "1929"]
[BlackElo "2706"]
[PlyCount "96"]
[EventDate "2015.02.24"]

1. e4 c5 2. Nf3 d6 3. d4 cxd4 4. Nxd4 Nf6 5. Nc3 a6 6. h3 e6 7. g4 Be7 8. Bg2
Nfd7 9. Be3 Nc6 10. Qd2 Nde5 11. b3 O-O 12. O-O Nxd4 13. Bxd4 Ng6 14. f4 e5 15.
fxe5 dxe5 16. Be3 Qxd2 17. Bxd2 Be6 18. Nd5 Bc5+ 19. Kh2 Rac8 20. c4 Rfe8 21.
Kg3 Bxd5 22. exd5 e4 23. Bf4 e3 24. Rfe1 Rcd8 25. Re2 Nxf4 26. Kxf4 Rd6 27. Kg3
Rf6 28. Bf3 h6 29. Rd1 a5 30. Rb1 Kf8 31. Kg2 Re7 32. Rc1 Ke8 33. Rc3 Kd7 34.
a3 Rb6 35. Kf1 g6 36. Re1 Re5 37. Ke2 Kd6 38. Rb1 Bxa3 39. Rxe3 Rxe3+ 40. Kxe3
a4 41. Bd1 Bc5+ 42. Kd3 a3 43. Ra1 Ke5 44. Kc2 Rf6 45. Be2 Rf2 46. Kd3 Rh2 47.
Bf1 Bb4 48. Ke3 Rb2 0-1